ODGADNIJ PIOSENKE PO ZNANYM FRAGMENCIE - Statystyki

Ogólne statystyki
  • Ten quiz został rozwiązany 16 razy
  • Średni wynik to 11 z 21
Statystyki odpowiedzi
FRAGMENT TEKSTU TYTUŁ % Poprawnych
Nie lubię melanży chyba, że z tobą Nie palę chyba, że z tobą Chyba że z tobą
81%
Zamawiam cztery shoty, mała mów mi kamikaze (Kamikaze), uh Ja nic na to nie poradzę już, że kocham to
Kamikaze
81%
Pić, jeść, spać, jak Tamagotchi, tylko... Pić, jeść, spać, jak Tamagotchi, tylko...
Tamagotchi
69%
Bandyta, dziary na pół ryja, bo k***a je lubię, a co Żaden ze mnie bandyta, pierwsze słyszę Bandyta
63%
A czy ja wierzę w Boga? A czy on wierzy we mnie? Zamierzam malować świat swój jaki zechcę Billy kid
63%
I weź tą pracę odstaw, zapalmy papieroska Niech butelka nie ma końca, ze mną będzie zachód słońca California
63%
Nie mam zamiaru się smucić, tylko zatracić w tym, co najlepsze Chcą się kłócić, chcą nas zdusić, jakby to było konieczne Disney
56%
A wczoraj miałem taki sen że mam nad wodą dom Śpiewają ptaki w tle jestem tam z tobą stąd, słuchając fal Dom nad wodą
56%
Kac-gigant i pizza na tłustym cieście (NASTĘPNA STACJA) W tym smutnym jak p***a mieście
Następna Stacja
56%
Jestem poza kontrolą, zabrać nic już mi nie mogą Bo nic nie mam, moje logo, mówi Ci, że jestem sobą Poza kontrolą
56%
Grzeczne d**y nie chcą ze mną chodzić Niegrzeczne d**y chcą się p*******ć Sexoholik
56%
Czekam aż znowu będziemy popijać Bacardi w klubie ze szklanki, ej, ej Gdy na parkiecie nasze fanki, ej, ej, a na głośniku Nicki i Cardi (okej) Szklanki
56%
To smakuje jak anyżowe żelki Razem wyjdziemy na dwór, kiedy wyjdę z depresji Anyżowe żelki
50%
Bo my chcemy żyć, bo my chcemy kraść No i żadna k*** a nie zabroni nam Lawenda
50%
Ona chciała mnie, potem nie — bo nie miałem planu B Jak spadałem, to nie spadłem — i się nauczyłem latać
Plan B
50%
Dookoła piękne panie, panie, panie Chcę tylko jedną dla mnie, dla mnie, dla mnie
Casablanca
44%
Potrzebna mi przestrzeń, w drodze rodzę nowy plan Bit, dobry bas, autostrada, lewy pas Drive
38%
Jestem z bloku, miałem umrzeć na chodniku Sto tysięcy leży luzem na stoliku
1998
31%
A ja będę ci to mówił, dopóki mi się nie znudzi A ja będę to tłumaczyć, że on pewnie się pogubił Dopóki się nie znudzisz
25%
Na sztukach, stewardessach, pigułach, SMS-ach, na nutach Klubach, na wygrzewkach, laserach, światłach, Mercedesach Ground zero
25%
Szary blok, szary blok Nie widziałem nic poza nim, nie lubiłem go Szary blok
6%
Nie znaleziono quizów pasujących do podanych kryteriów
Rozkład punktacji
Procent ludzi z każdym wynikiem
Percentyl według liczby udzielonych odpowiedzi
Twoja historia wyników
Nie rozwiązałeś tego quizu